000 00575nam a2200181Ia 4500
003 GCL
008 140319s9999 xx 000 0 ara d
040 _aGCL /
_cGCL
082 0 4 _a792.09
_bش م
100 1 _aشكرى عبدالوهاب
245 1 0 _aالمكان : دراسة فى تاريخ تطور خشبة المسرح /
_cشكرى عبدالوهاب
300 _a245 ص
490 _aالموسوعة المسرحية الكتاب الاول
_v0
650 0 4 _aالعمارة
650 0 4 _aالمسارح
650 0 4 _aالمسرح - تاريخ
942 _2ddc
_cBK
999 _c40721
_d40721